Abiotic and Biotic Factors of the Gobi Desert - Statistics

General Stats
  • This quiz has been taken 6 times
  • The average score is 33 of 64
Answer Stats
Question Tile Select % Correct
Abiotic Factors Bacteria No
100%
Abiotic Factors Batis No
100%
Abiotic Factors Ephedra No
100%
Abiotic Factors Jerboa No
100%
Abiotic Factors Termites No
100%
Abiotic Factors Camel No
83%
Abiotic Factors Gobi Bear No
83%
Abiotic Factors Rocks Yes
83%
Abiotic Factors Saltwort No
83%
Abiotic Factors Sand Yes
83%
Abiotic Factors Saxaul No
83%
Abiotic Factors Snow Leopard No
83%
Abiotic Factors Wild Onion No
83%
Abiotic Factors Asiatic Wild Ass No
67%
Consumers Asiatic Wild Ass Yes
50%
Producers Asiatic Wild Ass No
50%
Consumers Bacteria No
50%
Producers Bacteria No
50%
Consumers Camel Yes
50%
Producers Camel No
50%
Consumers Gobi Bear Yes
50%
Producers Gobi Bear No
50%
Producers Jerboa No
50%
Consumers Rocks No
50%
Producers Rocks No
50%
Consumers Saltwort No
50%
Producers Saltwort Yes
50%
Consumers Sand No
50%
Producers Sand No
50%
Consumers Saxaul No
50%
Consumers Snow Leopard Yes
50%
Producers Snow Leopard No
50%
Abiotic Factors Sunlight Yes
50%
Consumers Sunlight No
50%
Abiotic Factors Temperature Yes
50%
Consumers Temperature No
50%
Producers Temperature No
50%
Producers Termites No
50%
Consumers Wild Onion No
50%
Decomposers Asiatic Wild Ass No
33%
Decomposers Bacteria Yes
33%
Consumers Batis No
33%
Decomposers Batis No
33%
Decomposers Camel No
33%
Consumers Ephedra No
33%
Producers Ephedra Yes
33%
Decomposers Ephedra No
33%
Decomposers Gobi Bear No
33%
Consumers Jerboa Yes
33%
Decomposers Jerboa No
33%
Decomposers Rocks No
33%
Decomposers Saltwort No
33%
Decomposers Sand No
33%
Producers Saxaul Yes
33%
Decomposers Saxaul No
33%
Decomposers Snow Leopard No
33%
Producers Sunlight No
33%
Decomposers Sunlight No
33%
Decomposers Temperature No
33%
Producers Wild Onion Yes
33%
Decomposers Wild Onion No
33%
Producers Batis Yes
17%
Consumers Termites No
17%
Decomposers Termites Yes
17%
No matching quizzes found
Score Distribution
Percent of People with Each Score
Percentile by Number Answered
Your Score History
You have not taken this quiz